Statistiques concernant Quels seront les stades de l'Euro 2024 ?

Cliquez ici pour prendre le quiz!

Statistiques générales

  • Ce quiz a été pris 34 fois
  • Le résultat moyen est 4 sur 10

Statistiques - réponses

VilleStadeCapacité% Correct
MunichAllianz Arena75 000
100%
DortmundSignal Iduna Park81 359
91%
BerlinOlympiaStadion74 475
72%
LeipzigRed Bull Arena44 345
47%
StuttgartMHPArena60 441
44%
GelsenkirchenVeltins-Arena61 673
25%
FrancfortDeutsche Bank Arena51 500
19%
HambourgVolksparkstadion51 500
13%
CologneRheinEnergieStadion50 000
9%
DüsseldorfMerkur Spiel-Arena51 500
3%

Distribution des résultats

Percentile par nombre de réponses

% des personnes avec chaque résultat

Votre développement - résultats

Vous n’avez pas pris ce quiz